LEADER 01419nam a2200229 i 4500 001 000000078266 003 CaOOAMICUS 005 20240209093616.0 008 161223s1858 it u000 u ita u 040 $aSeMil$bita 100 1 $aRiccardi, Davide,$d<1833-1897>.$0(OLS)http://semarc/name/91016 245 10$aOropa nel 1858, ossia fatti, documenti e pensieri intorno alla impetrazione, concessione ed inaugurazione dell'Uffiziatura propria di Maria SS. d'Oropa sui monti di Biella, coi discorsi panegirici detti in quella Basilica li 28, 29 e 30 agosto /$c[Davide Riccardi]. 264 1$aBiella :$bTipografia di G. Amosso,$c1858. 300 $a373 p., [3] c. di tav. :$bill. ;$c18 cm. 500 $aPer il nome dell'A., Davide Riccardi, vedi CLIO, v. 7 p. 5084. 650 4$aOropa - Santuario di Oropa.$0(OLS)http://semarc/subject/45119 650 4$aOropa - Storia.$0(OLS)http://semarc/subject/45120 850 $aSeMil 852 $aSeMil$W1$xVenegono$y1$m3P I 31 FA$j44222$B44222$CSeMilBibl$Z2$F45862 $8I 996 $6245$aOropa nel 1858, ossia fatti, documenti e pensieri intorno alla impetrazione, concessione ed inaugurazione dell'Uffiziatura propria di Maria SS. d'Oropa sui monti di Biella, coi discorsi panegirici detti in quella Basilica li 28, 29 e 30 agosto$9(OLS)http://semarc/title/402870 996 $6264$aBiella :$bTipografia di G. Amosso$9(OLS)http://semarc/publisher/56335 LEADER 01090nam a2200277 i 4500 001 000000118692 003 CaOOAMICUS 005 20031007000000.0 008 031007s1984 sp u000 u spa u 013 $a91385 020 $a84-301-0895-5 040 $aSeMil$bita 100 1 $aJavierre, José Maria.$0(OLS)http://semarc/name/49538 245 10$aTeresa de Jesus :$baventura humana y sagrada de una mujer /$cJose Maria Javierre. 250 $a4. ed. 260 $aSalamanca :$bSígueme,$c1984. 300 $a631 p. ;$c22 cm. 500 $aFondo Card. C.M. Martini. 600 04$aTeresa : del Bambino Gesů .$0(OLS)http://semarc/subject/1572 850 $aSeMil 852 $aSeMil$W1$xVenegono$y1$m3H II 39$j73986$B73986$CSeMilBibl$Z2$F105384 $81 941 1 $a4 961 $aOmaggio: Martini Card. Carlo Maria 996 $6020$a84-301-0895-5$9(OLS)http://semarc/number/103381 996 $6245$aTeresa de Jesus :$baventura humana y sagrada de una mujer$9(OLS)http://semarc/title/174389 996 $6260$aSalamanca :$bSígueme$9(OLS)http://semarc/publisher/31186